<?xml version="1.0" encoding="UTF-8"?>
<record
    xmlns:xsi="http://www.w3.org/2001/XMLSchema-instance"
    xsi:schemaLocation="http://www.loc.gov/MARC21/slim http://www.loc.gov/standards/marcxml/schema/MARC21slim.xsd"
    xmlns="http://www.loc.gov/MARC21/slim">

  <leader>00571cam a2200193   4500</leader>
  <controlfield tag="001">BFIL007745</controlfield>
  <controlfield tag="008">       1918                        spa  </controlfield>
  <datafield tag="035" ind1=" " ind2=" ">
    <subfield code="a">BFIL007745</subfield>
  </datafield>
  <datafield tag="050" ind1=" " ind2="4">
    <subfield code="a">PQ9261</subfield>
    <subfield code="b">.A575 A45 1918</subfield>
  </datafield>
  <datafield tag="110" ind1="2" ind2=" ">
    <subfield code="a">Almeida Garret 1799-1854</subfield>
  </datafield>
  <datafield tag="245" ind1=" " ind2="0">
    <subfield code="a">Fray Luis de Sousa.</subfield>
  </datafield>
  <datafield tag="260" ind1=" " ind2=" ">
    <subfield code="a">Madrid :</subfield>
    <subfield code="b">Ibero-Americana,</subfield>
    <subfield code="c">1918</subfield>
  </datafield>
  <datafield tag="300" ind1=" " ind2=" ">
    <subfield code="a">130 p. ;</subfield>
    <subfield code="c">18 cm.</subfield>
  </datafield>
  <datafield tag="440" ind1=" " ind2="4">
    <subfield code="a">Las Cien Mejores Obras de la Literatura Universal ; 32</subfield>
  </datafield>
  <datafield tag="500" ind1=" " ind2=" ">
    <subfield code="a">Fecha de publicacion presumible</subfield>
  </datafield>
  <datafield tag="500" ind1=" " ind2=" ">
    <subfield code="a">1 ejem.</subfield>
  </datafield>
  <datafield tag="650" ind1=" " ind2="4">
    <subfield code="a">Teatro Portugues</subfield>
    <subfield code="x">Siglo XIX</subfield>
  </datafield>
  <datafield tag="942" ind1=" " ind2=" ">
    <subfield code="2">lcc</subfield>
    <subfield code="c">LIB </subfield>
  </datafield>
  <datafield tag="999" ind1=" " ind2=" ">
    <subfield code="c">120156</subfield>
    <subfield code="d">120156</subfield>
  </datafield>
  <datafield tag="952" ind1=" " ind2=" ">
    <subfield code="1">0</subfield>
    <subfield code="2">lcc</subfield>
    <subfield code="4">0</subfield>
    <subfield code="7">0</subfield>
    <subfield code="a">LIC-020</subfield>
    <subfield code="b">LIC-020</subfield>
    <subfield code="c">GENERAL</subfield>
    <subfield code="d">2016-08-22</subfield>
    <subfield code="f">1a. ed.</subfield>
    <subfield code="i">H</subfield>
    <subfield code="k">EH</subfield>
    <subfield code="o">PQ9261.A575 A45 1918</subfield>
    <subfield code="p">BFF000019305</subfield>
    <subfield code="r">2016-08-22 00:00:00</subfield>
    <subfield code="t">c.1</subfield>
    <subfield code="y">LIB</subfield>
  </datafield>
</record>
